01482 2200265 4500001002100000005001500021035002000036007000300056008004100059020002200100082001800122084002400140100002500164245007300189250001400262300004100276700002600317505072600343600001601069264003101085336003101116337003001147338002301177990001601200INLIS00000000000008420210204101809 a0010-0121000079ta210204 b 1 ind  a978-602-252-402-1 a200-207-011-0 a200-207-011-0 TES m0 aTestrionoePengarang1 aMemerangi Kecurangan Dalam Timbangan :bNabi Syu'aib AS /cTestriono aCetakan I ai, 32 halaman :bAgama ;c28 x 21 cm0 aTim DivaroePengarang aNabi Syu’aib AS diutus oleh Allah SWT untuk berdakwah kepada suku Madyan. Sebagian besar mata pencarian suku Madyan adalah berdagang. Salah satu kebiasaan buruk suku Madyan adalah mereka suka berbuat curang dalam berdagang. Takaran dibuat kurang. Timbangan tidak pernah pas dan selalu dikurangi. Mereka juga suka menghalang-halangi jalan para pengikut Nabi Syu’aib AS untuk beribadah kepada Allah SWT. Nabi Syu’aib AS pun diutus kepada suku Madyan agar menyembah Allah SWT dan meninggalkan kemaksiatan. Sayang, mereka tidak mendengarkan dakwah Nabi Syu’aib AS. Sehingga Allah SWT menimpakan azab yang dahsyat kepada mereka. Bagaimana kisah selengkapnya? Ikuti terus kisah teladan Nabi Syu’aib AS di buku ini. 4aCerita Anak aJakarta :bErlangga,c2014 aTeks Bergambar2rdacontent aTanpa Perantara2rdamedia aVolume2rdacarrier a00000000384